| 000 | 00626 a2200241 4500 | ||
|---|---|---|---|
| 001 | 22591 | ||
| 999 |
_c22591 _d9252 |
||
| 003 | TR-AnTOB | ||
| 005 | 20210921133945.0 | ||
| 008 | 041102s2002 tu tur | ||
| 020 | _a9758515373 | ||
| 041 | _atur | ||
| 050 |
_aBF431 _b.D64 2002 |
||
| 090 | _aBF431 .D64 2002 | ||
| 100 | 1 |
_aDoğan, Abdullah _916049 |
|
| 245 | 0 |
_aYapay zeka / _cAbdullah Doğan. |
|
| 264 | 1 |
_aİstanbul : _bKariyer Yayınları, _c2002 |
|
| 300 |
_a134 p. ; _c21 cm. |
||
| 490 | 0 |
_aKariyer Yayınları; 36. _aGelişim Dizisi; 13 |
|
| 500 | _aBipliography: p. 129-134. | ||
| 650 | 7 |
_aZeka _2etuturkob _97933 |
|
| 902 | _a0005303 | ||
| 942 | _cBK | ||